MDQL
is popping MORE tags! Check the
thread
!
Quizzes
Events
Quiz Creation
Community
Videos
Private Events
Remove Ads
Sign In
Join for FREE
Feedback
Dark Mode
Quiz Categories
Sports
Geography
Music
Movies
Television
Just For Fun
Miscellaneous
History
Literature
Language
Science
Gaming
Entertainment
Religion
Holiday
For Kids
Quiz Lab
Recent
Popular Today
Quiz Kudos Today
Editor Picks
Curator Picks
Quizzes by...
Day
Popularity
Type
Ratings
Length
Year
Community
Subscriptions
Recent Discussions
Orange Saloon
Badges
Playlists
Quests
Create
Leaderboards
Showdown
Live 5
Trivia Bingo
Activity
Puzzle Library
Sporcle Events
Private Events
Virtual Trivia
Globe League
Become a Host
Pub Owners
SporcleCon
Opinionation
Our Games
Videos
Blog
Mobile Apps
Partnerships
Remove Ads and Go Orange
Feedback
History
US Presidents
World Leaders
Politics
Nation
Discovery
War
Decade
Year
Century
Biography
Art
History
US Presidents
World Leaders
Politics
Nation
Discovery
War
Decade
Year
Century
Biography
Art
Random Quiz
Search Sporcle
×
Quiz Lab
Quiz Lab
History
US Presidents
Type in answers that appear in a list
Type in answers that appear in a list
Classic
Best Score? Go Orange.
Presidents review Stats
Can you name the last 20 presidents?
By
MHS_113d
10m
20 Questions
35 Plays
35 Plays
35 Plays
Comments
Comments
Give Quiz Kudos
Give Quiz Kudos
-
- Ratings
hide this ad
Replay
Link that replays current quiz
Next Quiz
Link to next quiz in quiz playlist
You Got
0%
They Got
Avg Score
79%
Avg Friend Score
Upgrade to see
Score Distribution
Jump to the score distribution portion of the page
Score
0/20
Timer
10:00
0
Plays Today
year
president
% Correct
2001-
2009
george bush
97.1%
1933-
1945
franklin D roosevelt
94.3%
1989-
1993
george H.W bush
94.3%
1961-
1963
john F kennedy
91.4%
1977-
1981
jimmy carter
91.4%
1981-
1989
ronald reagan
91.4%
1993-
2001
bill clinton
91.4%
1963-
1969
lyndon B johnson
88.6%
1969-
1974
richard nixon
88.6%
1945-
1953
harry S truman
82.9%
year
president
% Correct
1953-
1961
dwight D eisenhower
82.9%
1974-
1977
gerald ford
82.9%
1913-
1921
woodrow wilson
80%
1909-
1913
william taft
77.1%
1923-
1929
calvin coolidge
71.4%
1929-
1933
herbert hoover
71.4%
1897-
1901
william mckinley
68.6%
1893-
1897
grover cleveland
65.7%
1921-
1923
warren harding
62.9%
1901-
1909
theodore rosevelt
14.3%
Quiz Playlist
Details
Report
Send in Message
Add To Playlist
Classic:
Type in answers that appear in a list
Last Updated: Feb 16, 2017
Quiz Scoreboard
CHALLENGE
Sign Up to Join the Scoreboard
Show All
Scores
Hide
Comments
May contain spoilers
Recently Published
Find the 'City' Movie
by crazypaving
Movies
60s
5x2 Blitz: Bands
by SL_Kpop136
Music
30s
Colored Red Africa Blitz
by spor1
Geography
30s
More to Explore
Quiz From the Vault
Featured Blog Post
14 Easter Pick-up Lines to Find Eggs With
hide this ad
You Might Also Like...
Tags
US Presidents Quiz
last
Review
Today's Top Quizzes in History
Browse History
hide this ad
Today's Top Quizzes in US Presidents
Browse US Presidents
Top Contributed Quizzes in History
1
Popular People in 1991
2
US National Parks Named After People
3
Order Up: 1000 Years of World Events I
4
Popular People in 1981
5
Popular People in 1951
6
Popular People in 1941
7
Popular People in 1986
8
Popular People in 1921
9
Popular People in 1976
10
Magic 10 Blitz: U.S. Presidents
Explore More
Trending Topics
NBA
Disney
Anime
Crossword
Marvel
Harry Potter
Kpop
Country
Soccer
The Office
WWE
NFL
Pokémon
Song
Puzzle
hide this ad
More By:
MHS_113d
Quiz
Plays
Rating
Category
Featured
Created
Cranial and Facial Bones
1,945
3.00
Science
Feb 15, 2011
Algebra Quiz
69
2.00
Miscellaneous
Feb 15, 2011
geometry vocabulary
36
2.00
Miscellaneous
Feb 15, 2011
presidents review
35
1.00
History
Feb 15, 2011
Spanish Speaking Countries
27
Language
Feb 15, 2011
Go to Creator's Profile
Score Distribution
Quiz Creator Spotlight
MHS_113d
Follow
Send a Message
Quizzes Created
-
Created Quiz Play Count
-
More By This Creator
Popular Quizzes Today
1
Find the 'City' Movie
2
Colored Red Africa Blitz
3
5x2 Blitz: Bands
4
Find the US States - No Outlines Minefield
5
The Countries of the World
6
Find the US States
7
US States
8
9x9 Crossword: Cartoon Network
More History Quizzes
Biography: I-J
Published
Trending Quizzes
Colored Red Europe Blitz I
Colored Red Africa Blitz II
Colored Red Europe Blitz II
Colored Red Europe Blitz III
Colored Red Africa Blitz III
Recently Updated
Famous TV Couples
Peacemaker
Champions League XIs: Real Madrid
pecheneg
Largest US Cities 1790-2010
pecheneg
Rides in Walt Disney World
pecheneg
Most Oscar Losses (Acting)
pecheneg
Beyoncé Albums
pecheneg
Leaping Animals
pecheneg
Reality TV Shows (A-Z)
bhenderson79
Rickey Henderson's Hall of Fame Teammates
pecheneg
Champions League XIs: Arsenal
pecheneg
Trending Topics
Disney
Kpop
Marvel
NBA
Harry Potter
Crossword
Anime
NFL
Pokémon
WWE
Country
Puzzle
The Office
Song
Soccer
Your Account Isn't Verified!
In order to create a playlist on Sporcle, you need to verify the email address you used during registration. Go to your
Sporcle Settings
to finish the process.
Report this User
Report this user for behavior that violates our
Community Guidelines
.
Details:
Send Report
Go to the Sporcle.com Mobile Site →
Comments